Central Library OPAC University of Rajshahi

Portrayal of Women In Mughal painting : (Record no. 80953)

MARC details
000 -LEADER
fixed length control field 00829nam a22002177a 4500
001 - CONTROL NUMBER
RUCL Control Number 80953
003 - CONTROL NUMBER IDENTIFIER
rucl marc code BD-RjUL
005 - DATE AND TIME OF LATEST TRANSACTION
control field 20250409153919.0
008 - FIXED-LENGTH DATA ELEMENTS--GENERAL INFORMATION
fixed length control field 221211s1994 bg a|||| m||| 00| 0 eng d
035 ## - SYSTEM CONTROL NUMBER
system control number (BD-RjUL)80953
040 ## - CATALOGING SOURCE
Original cataloging agency BD-RjUL
Language of cataloging eng
Transcribing agency BD-RjUL
Modifying agency BD-RjUL
041 ## - LANGUAGE CODE
Language code of Book eng
082 ## - DEWEY DECIMAL CLASSIFICATION NUMBER
DDC Edition number 23
Classification number 757.4
Author mark and Year BEP 1994
100 ## - MAIN ENTRY--PERSONAL NAME
Personal name Begum, Najma
9 (RLIN) 6273
245 10 - TITLE STATEMENT
Title Portrayal of Women In Mughal painting :
Remainder of title A Study based on illustrated manuscripts and album drawings /
Statement of responsibility, etc Najma Begum ;
Number of part/section of a work Volume II : Illustrations
260 ## - PUBLICATION, DISTRIBUTION, ETC. (IMPRINT)
Place of publication, distribution, etc Rajshahi :
Name of publisher, distributor, etc Institute of Bangladesh Studies, Rajshahi University,
Date of publication, distribution, etc 1994
300 ## - PHYSICAL DESCRIPTION
Pagination [23], P1. 179 leaves :
Other physical details ill, ;
Dimensions 30.cm.
504 ## - BIBLIOGRAPHY, ETC. NOTE
Bibliography, etc Thesis (Ph. D.) -- Institute of Bangladesh Studies, Rajshahi University, 1994
650 ## - SUBJECT ADDED ENTRY--TOPICAL TERM
Topical term or geographic name as entry element Women
General subdivision Portrayal
-- Mughal Painting
9 (RLIN) 15217
942 ## - ADDED ENTRY ELEMENTS (KOHA)
Source of classification or shelving scheme Dewey Decimal Classification
Koha item type Theses
Holdings
Source of classification or shelving scheme Damaged status Not for loan Collection code Permanent Location Current Location Shelving location Date of accession Source of acquisition Full call number Barcode Date last seen Copy number Thesis
Dewey Decimal Classification   Not For Loan Theses Central Library, University of Rajshahi Central Library, University of Rajshahi Documentation Section 06/04/1995 Controller of Exam. R.U. THE 757.4 BEP V-2 1994 D1767 11/12/2022 C-1 Theses